| 000 | 00894cab a22001935a 4500 | ||
|---|---|---|---|
| 001 | L144033 | ||
| 008 | 080612s2008 xxkad f 000 0 eng d | ||
| 035 | _a(Sirsi) u144033 | ||
| 041 | 0 | _aeng | |
| 100 | 1 | _aDixon, Tim | |
| 245 | 0 | 0 |
_aEco-towns _bgreen fact or green fiction? |
| 260 | _c2008 | ||
| 490 | 0 |
_aProperty Forecast _v11(5) May 2008, 8-11(4) |
|
| 520 | _aDiscusses eco-towns in light of the UK Government's decision to create 15 eco-towns in England. Reports that this is part of an international trend towards sustainable living. Considers how sustainable the eco-city concept can be by examining a number of relevant reports. Map shows eco-town shortlist locations. | ||
| 590 | _aKA | ||
| 690 | _aENVIRONMENTAL AND LAND CONSULTANCY-PLANNING AND DEVELOPMENT-STRATEGIC PLANNING | ||
| 690 | _aENVIRONMENTAL AND LAND CONSULTANCY-SUSTAINABILITY-SUSTAINABLE DEVELOPMENT | ||
| 942 | _n0 | ||
| 999 |
_c80336 _d80336 |
||